Modern ships in Japan '78

Uloženo v:
Podrobná bibliografie
Médium: Kniha
Jazyk:Undetermined
Vydáno: Japan Japan Shipbuilders 1978
Témata:
Tagy: Přidat tag
Žádné tagy, Buďte první, kdo otaguje tento záznam!
Thư viện lưu trữ: Trung tâm Học liệu Trường Đại học Cần Thơ
LEADER 00457nam a2200181Ia 4500
001 CTU_96681
008 210402s9999 xx 000 0 und d
082 |a 338.476 
082 |b M689 
245 0 |a Modern ships in Japan '78 
245 0 |c Japan Shipbuilders 
260 |a Japan 
260 |b Japan Shipbuilders 
260 |c 1978 
650 |a Shipbuilding 
650 |z Japan 
904 |i Giang 
980 |a Trung tâm Học liệu Trường Đại học Cần Thơ